[Event "8. Lovsprings EMT Basis 4 1996"]
[Site "Ringsted"]
[Date "1996.03.08"]
[Round "1"]
[White "Andersen, Jorgen"]
[Black "Bromann, Per"]
[Result "1/2-1/2"]
[WhiteElo "1214"]
[BlackElo "1201"]
[PlyCount "57"]
[EventDate "1996.??.??"]

1. e4 e5 2. Nf3 Nc6 3. Nc3 Nf6 4. a3 Bc5 5. Be2 d6 6. d3 h6 7. b4 Bb6 8. O-O
O-O 9. Be3 Nd4 10. Bxd4 exd4 11. Nd5 Nxd5 12. exd5 Re8 13. Nd2 Qg5 14. a4 a6
15. Bf3 Bf5 16. Ne4 Bxe4 17. Bxe4 f5 18. f4 Qf6 19. Bf3 Re7 20. Qd2 Rae8 21.
Rae1 Re3 22. Qf2 Qe7 23. Re2 Rxe2 24. Bxe2 Qxe2 25. Qxe2 Rxe2 26. Rf2 Re1+ 27.
Rf1 Re2 28. Rf2 Re1+ 29. Rf1 1/2-1/2

[Event "8. Lovsprings EMT Basis 4 1996"]
[Site "Ringsted"]
[Date "1996.03.08"]
[Round "1"]
[White "Nielsen, Henning"]
[Black "Henriksen, Mikkel"]
[Result "1-0"]
[WhiteElo "1156"]
[BlackElo "1185"]
[PlyCount "75"]
[EventDate "1996.??.??"]

1. e4 d6 2. Bc4 Nf6 3. d3 g6 4. Nc3 Bg7 5. h3 e5 6. Nf3 Nc6 7. a3 O-O 8. Be3
Ne7 9. Qd2 Nh5 10. Bh6 Kh8 11. Bxg7+ Nxg7 12. Qh6 Ng8 13. Qe3 c6 14. O-O-O b5
15. Ba2 a5 16. Ng5 Ne6 17. Nxe6 fxe6 18. Ne2 c5 19. Rhf1 a4 20. Kb1 b4 21. Ka1
bxa3 22. bxa3 Rb8 23. Rb1 Rxb1+ 24. Rxb1 Bd7 25. Qg3 Qf6 26. f3 d5 27. Rb6 dxe4
28. dxe4 Rc8 29. Rd6 Rd8 30. Nc3 Ne7 31. Qf2 Qg5 32. Rd1 Nc6 33. Nxa4 Nd4 34.
Nxc5 Qe7 35. Nxd7 Qxa3 36. Qd2 Rxd7 37. Qc1 Nb3+ 38. cxb3 1-0

[Event "8. Lovsprings EMT Basis 4 1996"]
[Site "Ringsted"]
[Date "1996.03.08"]
[Round "1"]
[White "Niki, Alireza"]
[Black "Christensen, Michael Bohn"]
[Result "1/2-1/2"]
[WhiteElo "1100"]
[BlackElo "1137"]
[PlyCount "107"]
[EventDate "1996.??.??"]

1. e4 c5 2. Nc3 d6 3. Bb5+ Bd7 4. Bxd7+ Qxd7 5. Qf3 Nc6 6. Nge2 Nf6 7. Nd5 Nxd5
8. exd5 Ne5 9. Qe4 Rc8 10. d4 Qa4 11. b3 Qa5+ 12. Bd2 Qa6 13. dxe5 dxe5 14.
Qxe5 Rd8 15. c4 Qf6 16. Bc3 Qxe5 17. Bxe5 f6 18. Bc7 Rc8 19. Bg3 g5 20. O-O h5
21. f4 h4 22. Be1 g4 23. h3 gxh3 24. gxh3 Rg8+ 25. Kh1 Rh8 26. Bc3 Kf7 27. f5
Bh6 28. Be1 Be3 29. Rf3 Bg5 30. Rd1 Rcd8 31. Nf4 Rh7 32. Ne6 Rg8 33. Bf2 b6 34.
Be3 Rh5 35. Bxg5 fxg5 36. Rdf1 Kf6 37. Rg1 Ke5 38. Re1+ Kf6 39. Rg1 Ke5 40. Nc7
Ke4 41. Rff1 Ke5 42. Nb5 a6 43. Nc7 Rf8 44. Re1+ Kd6 45. Nxa6 Rxf5 46. Nb8 Rf2
47. Nc6 Rxa2 48. Nxe7 Rf2 49. Re6+ Kd7 50. Rge1 g4 51. hxg4 Rg5 52. Kg1 Rf4 53.
Kh2 Rfxg4 54. Kh1 1/2-1/2

[Event "8. Lovsprings EMT Basis 4 1996"]
[Site "Ringsted"]
[Date "1996.03.08"]
[Round "1"]
[White "Olsson, Dennis"]
[Black "Jorgensen, Per"]
[Result "0-1"]
[WhiteElo "1000"]
[BlackElo "1019"]
[PlyCount "46"]
[EventDate "1996.??.??"]

1. e4 e5 2. d4 d6 3. c4 h6 4. h4 Nf6 5. Nc3 a6 6. g4 Bxg4 7. f3 Be6 8. b4 Nbd7
9. f4 exd4 10. Qxd4 c5 11. Qe3 cxb4 12. Na4 Qa5 13. e5 Ng4 14. Qe4 b3+ 15. Bd2
Qxa4 16. Qxb7 Rb8 17. Qa7 Be7 18. c5 O-O 19. Qxa6 Qe4+ 20. Be2 Qxh1 21. cxd6
Bxh4+ 22. Kf1 Bd5 23. e6 Qg2# 0-1

[Event "8. Lovsprings EMT Basis 4 1996"]
[Site "Ringsted"]
[Date "1996.03.08"]
[Round "1"]
[White "Orup, Kim Amdi"]
[Black "Skytt, Soren"]
[Result "1-0"]
[WhiteElo "1241"]
[BlackElo "1000"]
[PlyCount "80"]
[EventDate "1996.??.??"]

1. e4 e5 2. Nf3 Nc6 3. Bb5 Nf6 4. d3 Bc5 5. Bxc6 bxc6 6. Nxe5 d6 7. Nf3 Be6 8.
O-O O-O 9. Bg5 h6 10. Bh4 Qb8 11. Bxf6 gxf6 12. b3 Qb6 13. d4 Bb4 14. c3 Ba5
15. b4 Bxb4 16. cxb4 Qxb4 17. Qd2 Qa4 18. Qxh6 Bxa2 19. Nc3 Qc2 20. Nxa2 Qxe4
21. Qxf6 Rfe8 22. Qg5+ Kh7 23. Qh4+ Qxh4 24. Nxh4 Re4 25. Nf3 Rg8 26. Nc3 Reg4
27. g3 c5 28. dxc5 dxc5 29. Rxa7 Rc8 30. Nd5 c6 31. Nf6+ Kh6 32. Nxg4+ Kh5 33.
Ne3 Rh8 34. Rxf7 Kg6 35. Rc7 Kf6 36. Rxc6+ Kf7 37. Rxc5 Rf8 38. Rc6 Ke7 39. Nd4
Kd7 40. Rfc1 Ke7 1-0

[Event "8. Lovsprings EMT Basis 4 1996"]
[Site "Ringsted"]
[Date "1996.03.15"]
[Round "2"]
[White "Andersen, Poul Erik"]
[Black "Olsson, Dennis"]
[Result "1-0"]
[WhiteElo "1093"]
[BlackElo "1000"]
[PlyCount "51"]
[EventDate "1996.??.??"]

1. e4 d5 2. exd5 Qxd5 3. Nc3 Qe5+ 4. Nge2 Bg4 5. d4 Qa5 6. f3 Bf5 7. Bd2 e5 8.
dxe5 Qxe5 9. Bf4 Qa5 10. a3 Nc6 11. Nd4 O-O-O 12. Nxc6 bxc6 13. Bd3 Re8+ 14.
Be2 Rd8 15. Bd2 Bc5 16. b4 Bf2+ 17. Kxf2 Qb6+ 18. Ke1 Nf6 19. Qc1 Rd6 20. Be3
Qb7 21. Kf2 Nh5 22. g4 Bxg4 23. fxg4 c5 24. gxh5 Qxh1 25. Qxh1 Re8 26. Qa8+ 1-0

[Event "8. Lovsprings EMT Basis 4 1996"]
[Site "Ringsted"]
[Date "1996.03.15"]
[Round "2"]
[White "Astrup, Knud"]
[Black "Orup, Kim Amdi"]
[Result "0-1"]
[WhiteElo "1242"]
[BlackElo "1241"]
[PlyCount "132"]
[EventDate "1996.??.??"]

1. f4 d5 2. Nf3 Bg4 3. e3 Nf6 4. Be2 Bxf3 5. Bxf3 e6 6. b3 g6 7. Bb2 Bg7 8. O-O
O-O 9. Qe2 Nc6 10. d3 b5 11. Nd2 Nb4 12. Rfc1 Re8 13. a3 Nc6 14. c4 bxc4 15.
bxc4 Nh5 16. Bxg7 Nxg7 17. cxd5 e5 18. dxc6 exf4 19. e4 Qd4+ 20. Kh1 Rad8 21.
Nb3 Qxd3 22. Qxd3 Rxd3 23. Nc5 Re3 24. a4 f5 25. Rc4 Ne6 26. Nxe6 Rxe6 27. h3
fxe4 28. Bg4 Rd6 29. Rd1 Rxd1+ 30. Bxd1 Re1+ 31. Kh2 Rxd1 32. Rxe4 Rc1 33. Re8+
Kf7 34. Ra8 Rxc6 35. Rxa7 Kf6 36. Kg1 Rc1+ 37. Kf2 Rc2+ 38. Kg1 c5 39. Rc7 Rc4
40. Ra7 h5 41. Ra6+ Kg5 42. Kf2 Kh4 43. Rxg6 Rxa4 44. Rc6 Rc4 45. Kf3 Kg5 46.
Rc8 Kf6 47. Rf8+ Ke5 48. Re8+ Kf6 49. Rf8+ Kg5 50. Rg8+ Kh4 51. Rf8 Rc1 52.
Rxf4+ Kg5 53. h4+ Kg6 54. Kg3 c4 55. Rf8 Rd1 56. Rc8 Rd3+ 57. Kh2 c3 58. Rc6+
Kf7 59. Rc5 Ke6 60. Rc8 Kd5 61. Rc7 Kd4 62. Kg1 Ke3 63. Re7+ Kd2 64. Kf1 c2 65.
Re2+ Kc3 66. Re1 Rd1 0-1

[Event "8. Lovsprings EMT Basis 4 1996"]
[Site "Ringsted"]
[Date "1996.03.15"]
[Round "2"]
[White "Bromann, Per"]
[Black "Niki, Alireza"]
[Result "0-1"]
[WhiteElo "1201"]
[BlackElo "1100"]
[PlyCount "80"]
[EventDate "1996.??.??"]

1. e4 d5 2. Bd3 Nc6 3. c4 e6 4. Qe2 Nd4 5. Qd1 Qg5 6. g3 Qf6 7. cxd5 exd5 8.
Nc3 Bc5 9. f3 Ne7 10. exd5 Qe5+ 11. Be4 f5 12. d3 fxe4 13. dxe4 Bd7 14. Bf4 Qf6
15. Qd3 O-O-O 16. e5 Qb6 17. b3 Bb5 18. Nxb5 Nxb5 19. d6 cxd6 20. exd6 Nxd6 21.
Bxd6 Rxd6 22. Qc4 Rd4 23. Qc2 Qb4+ 24. Kf1 Rd2 25. Qxd2 Qxd2 26. Ne2 Qe3 27.
Kg2 Qxe2+ 28. Kh3 Be3 29. Rhf1 h5 30. Rae1 Qd3 31. Rd1 Qf5+ 32. Kg2 Rd8 33. g4
Qc2+ 34. Kh3 Rxd1 35. Rxd1 hxg4+ 36. fxg4 Qxd1 37. Kh4 g6 38. Kh3 Qf1+ 39. Kh4
Qg2 40. g5 Bxg5# 0-1

[Event "8. Lovsprings EMT Basis 4 1996"]
[Site "Ringsted"]
[Date "1996.03.15"]
[Round "2"]
[White "Christensen, Michael Bohn"]
[Black "Nielsen, Henning"]
[Result "1-0"]
[WhiteElo "1137"]
[BlackElo "1156"]
[PlyCount "83"]
[EventDate "1996.??.??"]

1. e4 e5 2. Nf3 Nc6 3. Bc4 h6 4. d4 exd4 5. Nxd4 Ne5 6. Bb3 a6 7. Nf3 Qe7 8.
Bf4 Nxf3+ 9. Qxf3 c6 10. Nc3 b5 11. O-O a5 12. Rfe1 a4 13. Nd5 Qc5 14. Be3 Qd6
15. Nc7+ Kd8 16. Nxa8 axb3 17. Qxf7 c5 18. Rad1 Qe7 19. Qxe7+ Bxe7 20. axb3 Bb7
21. Nb6 d6 22. e5 Kc7 23. exd6+ Bxd6 24. Nd5+ Kc6 25. Bf4 Bxf4 26. Nxf4 Nf6 27.
Ne6 Rg8 28. Rd8 Rxd8 29. Nxd8+ Kc7 30. Ne6+ Kc6 31. Nxg7 Kd5 32. Nf5 h5 33.
Rd1+ Ke5 34. Nd6 Bc6 35. Nf7+ Kf5 36. Rd6 Be8 37. Nh6+ Ke5 38. Rd2 Bg6 39. f3
Nd5 40. g4 hxg4 41. Nxg4+ Kd6 42. c4 1-0

[Event "8. Lovsprings EMT Basis 4 1996"]
[Site "Ringsted"]
[Date "1996.03.15"]
[Round "2"]
[White "Henriksen, Mikkel"]
[Black "Nikolajsen, Martin"]
[Result "0-1"]
[WhiteElo "1185"]
[BlackElo "1123"]
[PlyCount "86"]
[EventDate "1996.??.??"]

1. e4 e5 2. d4 exd4 3. Qxd4 Nc6 4. Qe3 b6 5. Nc3 Bc5 6. Qg3 Bd4 7. Bd2 Nb4 8.
Bd3 Ne7 9. Nge2 Bxc3 10. Bxc3 Nxd3+ 11. Qxd3 O-O 12. Qd4 f6 13. O-O-O d6 14.
Nf4 Bd7 15. f3 Qe8 16. g4 a5 17. Nh5 b5 18. Bd2 Be6 19. g5 Qxh5 20. gxf6 Rxf6
21. h4 Rff8 22. Rdg1 Qe5 23. Qe3 b4 24. Rg5 Qf6 25. Rf1 c5 26. e5 dxe5 27. Rxe5
Nf5 28. Qxc5 Ng3 29. Bg5 Qf7 30. Rg1 Nf5 31. Rge1 Bxa2 32. b3 Bxb3 33. cxb3
Rac8 34. Qxc8 Rxc8+ 35. Kb2 h6 36. Bf4 Qf6 37. Kb1 Qg6 38. Kb2 Nd4 39. R1e4
Nxf3 40. Re6 Qg2+ 41. Re2 Qg1 42. h5 Qd4+ 43. Kb1 Qxf4 0-1

[Event "8. Lovsprings EMT Basis 4 1996"]
[Site "Ringsted"]
[Date "1996.03.15"]
[Round "2"]
[White "Jorgensen, Per"]
[Black "Danielsen, Laurits"]
[Result "0-1"]
[WhiteElo "1019"]
[BlackElo "1191"]
[PlyCount "84"]
[EventDate "1996.??.??"]

1. e4 e5 2. Nf3 d6 3. h3 Nc6 4. a3 Nf6 5. Nc3 Be6 6. d3 d5 7. Qe2 d4 8. Nd1 Bd6
9. c3 O-O 10. Ng5 Bb3 11. c4 h6 12. Nf3 Nh5 13. g3 Ne7 14. Nh4 Nf6 15. Bg2 Nh7
16. O-O c5 17. Qg4 Qc8 18. Qe2 Rb8 19. Kh2 Ba4 20. Bf3 Bd7 21. g4 g5 22. Ng2 b5
23. h4 f6 24. h5 bxc4 25. dxc4 Be6 26. Qd3 Bxg4 27. Bxg4 Qxg4 28. Qh3 Qxe4 29.
Qe6+ Rf7 30. Qxd6 Rc8 31. f3 Qc6 32. Qxc6 Rxc6 33. Nf2 f5 34. Nd3 Rc8 35. Nxe5
Rf6 36. Rg1 Re6 37. f4 g4 38. Kg3 Nf6 39. Nh4 Nxh5+ 40. Kf2 Rb8 41. Bd2 Rxb2
42. Ke2 Nxf4+ 0-1

[Event "8. Lovsprings EMT Basis 4 1996"]
[Site "Ringsted"]
[Date "1996.03.15"]
[Round "2"]
[White "Skytt, Soren"]
[Black "Andersen, Jorgen"]
[Result "0-1"]
[WhiteElo "1000"]
[BlackElo "1214"]
[PlyCount "38"]
[EventDate "1996.??.??"]

1. d4 e6 2. Nf3 d5 3. Nc3 Nc6 4. Bf4 Bb4 5. Qd2 Nf6 6. O-O-O Bxc3 7. Qxc3 Ne4
8. Qa3 Nxf2 9. e3 Nxh1 10. Rd2 a6 11. Ng5 Ne7 12. Qc3 c6 13. Bd3 f5 14. Be5 O-O
15. Re2 Ng6 16. Qe1 Qxg5 17. Qxh1 Nxe5 18. dxe5 d4 19. h4 Qh6 0-1

[Event "8. Lovsprings EMT Basis 4 1996"]
[Site "Ringsted"]
[Date "1996.03.22"]
[Round "3"]
[White "Andersen, Jorgen"]
[Black "Christensen, Michael Bohn"]
[Result "1-0"]
[WhiteElo "1214"]
[BlackElo "1137"]
[PlyCount "89"]
[EventDate "1996.??.??"]

1. e4 e5 2. Nf3 Nf6 3. Nc3 Nc6 4. Bc4 h6 5. a3 d6 6. d4 Bg4 7. Be2 Bxf3 8. Bxf3
Nxd4 9. Be3 Nxf3+ 10. Qxf3 Qd7 11. h3 g5 12. Qxf6 Rg8 13. g4 Bg7 14. Qf3 f6 15.
Qf5 Qxf5 16. exf5 c6 17. Ne4 O-O-O 18. Bxa7 d5 19. Nc5 Rde8 20. O-O Kc7 21. Na4
b5 22. Nc3 Ra8 23. Bc5 Bf8 24. Bxf8 Rgxf8 25. b4 Rh8 26. f3 h5 27. Kg2 Kb7 28.
a4 hxg4 29. fxg4 d4 30. Ne4 bxa4 31. Nc5+ Kc7 32. Ra3 Kb6 33. Rb1 Rhd8 34. Kf3
Rh8 35. Ke4 Rh4 36. Nd7+ Kc7 37. Nxf6 Kd6 38. b5 Rf8 39. Nh5 Rh8 40. bxc6 R4xh5
41. gxh5 Rxh5 42. c7 Rxh3 43. c8=Q Rxa3 44. Rb6+ Ke7 45. Qc7+ 1-0

[Event "8. Lovsprings EMT Basis 4 1996"]
[Site "Ringsted"]
[Date "1996.03.22"]
[Round "3"]
[White "Danielsen, Laurits"]
[Black "Orup, Kim Amdi"]
[Result "0-1"]
[WhiteElo "1191"]
[BlackElo "1241"]
[PlyCount "30"]
[EventDate "1996.??.??"]

1. Nf3 Nc6 2. c4 d5 3. cxd5 Qxd5 4. Nc3 Qd6 5. d4 Bg4 6. e3 e5 7. Be2 Bxf3 8.
Bxf3 exd4 9. Bxc6+ bxc6 10. Qxd4 c5 11. Qe4+ Be7 12. Qxa8+ Bd8 13. O-O c6 14.
Qxa7 Bc7 15. b3 Qxh2# 0-1

[Event "8. Lovsprings EMT Basis 4 1996"]
[Site "Ringsted"]
[Date "1996.03.22"]
[Round "3"]
[White "Henriksen, Mikkel"]
[Black "Olsson, Dennis"]
[Result "1-0"]
[WhiteElo "1185"]
[BlackElo "1000"]
[PlyCount "33"]
[EventDate "1996.??.??"]

1. e4 e5 2. d4 d5 3. dxe5 dxe4 4. Qxd8+ Kxd8 5. Nc3 f5 6. exf6 gxf6 7. Nxe4 f5
8. Ng5 Be6 9. Nxe6+ Ke7 10. Nxc7 Bh6 11. Bxh6 Nxh6 12. Nxa8 Kf6 13. O-O-O Nc6
14. Nc7 Rc8 15. Rd6+ Kg5 16. Nf3+ Kf4 17. Rxh6 1-0

[Event "8. Lovsprings EMT Basis 4 1996"]
[Site "Ringsted"]
[Date "1996.03.22"]
[Round "3"]
[White "Nielsen, Henning"]
[Black "Jorgensen, Per"]
[Result "1-0"]
[WhiteElo "1156"]
[BlackElo "1019"]
[PlyCount "83"]
[EventDate "1996.??.??"]

1. e4 e5 2. Bc4 Qe7 3. Nc3 a6 4. d3 Nc6 5. Nf3 d6 6. Nd5 Qd7 7. h3 h6 8. a3
Nge7 9. Be3 f5 10. Nxe7 Bxe7 11. exf5 Qxf5 12. Bd5 Nd8 13. Nd2 c6 14. Be4 Qf6
15. Qh5+ Nf7 16. Nc4 Bd8 17. Nd2 Be6 18. Qe2 d5 19. Bf3 g6 20. O-O-O d4 21. Ne4
Qe7 22. Bd2 a5 23. Kb1 b5 24. Nf6+ Qxf6 25. Bxc6+ Bd7 26. Bxa8 O-O 27. Be4 Qb6
28. f4 b4 29. axb4 axb4 30. b3 Be7 31. Kb2 Ra8 32. Ra1 Rc8 33. fxe5 Qc7 34. Qd1
Nxe5 35. Ra8 Rxa8 36. Bxa8 Qa7 37. Bd5+ Kg7 38. Qa1 Qc5 39. Qa8 Bf8 40. Bc4 Qb6
41. Rf1 Bf5 42. g4 1-0

[Event "8. Lovsprings EMT Basis 4 1996"]
[Site "Ringsted"]
[Date "1996.03.22"]
[Round "3"]
[White "Nikolajsen, Martin"]
[Black "Andersen, Poul Erik"]
[Result "1-0"]
[WhiteElo "1123"]
[BlackElo "1093"]
[PlyCount "107"]
[EventDate "1996.??.??"]

1. e4 e5 2. Nf3 Nc6 3. Bb5 Nf6 4. d3 Bc5 5. Bg5 h6 6. Bh4 d5 7. Nc3 d4 8. Nd5
Be7 9. Nxe7 Qxe7 10. Qd2 Bd7 11. Bxc6 Bxc6 12. Qa5 b6 13. Qxe5 Qxe5 14. Nxe5
Bb7 15. Bxf6 gxf6 16. Nf3 c5 17. Kd2 O-O 18. Rhg1 Rad8 19. b3 b5 20. Rab1 a6
21. g4 Kh7 22. h4 Rd6 23. a4 b4 24. Rbe1 Re6 25. Rg2 Rg8 26. Reg1 Re7 27. g5 f5
28. Re1 fxe4 29. dxe4 Bxe4 30. Rg3 Rge8 31. gxh6 Kxh6 32. Ng5 Kh5 33. Nxe4 Rxe4
34. Rxe4 Rxe4 35. Rg5+ Kxh4 36. Rxc5 Kg4 37. Rc6 f5 38. Rxa6 Kf3 39. Rf6 f4 40.
a5 Re8 41. a6 Rd8 42. Kd3 Rd7 43. Kc4 Rc7+ 44. Kxd4 Rd7+ 45. Kc4 Rc7+ 46. Kxb4
Rxc2 47. a7 Ra2 48. Rf7 Ke4 49. Kb5 Ke5 50. b4 Ke6 51. Rh7 f3 52. Rh6+ Kd7 53.
Ra6 Rxf2 54. a8=Q 1-0

[Event "8. Lovsprings EMT Basis 4 1996"]
[Site "Ringsted"]
[Date "1996.03.22"]
[Round "3"]
[White "Skytt, Soren"]
[Black "Bromann, Per"]
[Result "0-1"]
[WhiteElo "1000"]
[BlackElo "1201"]
[PlyCount "74"]
[EventDate "1996.??.??"]

1. d4 d5 2. Nc3 Nf6 3. Nf3 Bf5 4. Bf4 Nc6 5. Nb5 Rc8 6. e3 a6 7. Nc3 e6 8. a3
Be7 9. Bd3 Bxd3 10. Qxd3 Nh5 11. O-O-O Nxf4 12. exf4 O-O 13. Ng5 Bxg5 14. fxg5
Qxg5+ 15. Kb1 Qf6 16. f3 Nxd4 17. Qxd4 Qxd4 18. Rxd4 c5 19. Rd3 d4 20. Ne4 Rfd8
21. Rhd1 e5 22. c4 b6 23. Ng3 g6 24. Ne4 Kg7 25. Ng5 h6 26. Ne4 f5 27. Ng3 Re8
28. h4 e4 29. R3d2 Kf6 30. h5 e3 31. Re2 Rcd8 32. hxg6 Kxg6 33. b4 d3 34. Rb2
e2 35. Re1 d2 36. Rh1 e1=Q+ 37. Rxe1 dxe1=Q+ 0-1

[Event "8. Lovsprings EMT Basis 4 1996"]
[Site "Ringsted"]
[Date "1996.03.29"]
[Round "4"]
[White "Andersen, Poul Erik"]
[Black "Henriksen, Mikkel"]
[Result "1-0"]
[WhiteElo "1093"]
[BlackElo "1185"]
[PlyCount "81"]
[EventDate "1996.??.??"]

1. e4 d6 2. Nf3 g6 3. Bc4 e5 4. d4 exd4 5. Qxd4 Nf6 6. Ng5 Nc6 7. Qc3 Ne5 8. f4
Nxc4 9. Qxc4 Qe7 10. O-O h6 11. Nf3 Be6 12. Qd3 O-O-O 13. Nc3 Bd7 14. Qe3 Kb8
15. h3 Bc6 16. e5 dxe5 17. fxe5 Nd5 18. Nxd5 Rxd5 19. c3 Qd7 20. Qf2 Bc5 21.
Nd4 Rxe5 22. Be3 f5 23. Nxc6+ Qxc6 24. Bxc5 Rxc5 25. Qd4 Re8 26. Rae1 Rb5 27.
b4 a6 28. Rxe8+ Qxe8 29. a4 Re5 30. Qd1 c6 31. c4 Re4 32. Qc1 h5 33. b5 cxb5
34. axb5 axb5 35. cxb5 Qxb5 36. Rd1 Re2 37. Rd8+ Ka7 38. Qa1+ Kb6 39. Qf6+ Ka7
40. Qd4+ b6 41. Qg7+ 1-0

[Event "8. Lovsprings EMT Basis 4 1996"]
[Site "Ringsted"]
[Date "1996.03.29"]
[Round "4"]
[White "Bromann, Per"]
[Black "Christensen, Michael Bohn"]
[Result "1-0"]
[WhiteElo "1201"]
[BlackElo "1137"]
[PlyCount "93"]
[EventDate "1996.??.??"]

1. e4 c5 2. Nf3 d6 3. Bc4 e6 4. Nc3 Be7 5. O-O Nf6 6. d3 a6 7. Be3 Bd7 8. e5
Ng4 9. Bf4 dxe5 10. Nxe5 Nxe5 11. Bxe5 Bf6 12. Bxf6 Qxf6 13. Ne4 Qe5 14. Re1 b5
15. Ng3 Qxb2 16. Qf3 bxc4 17. Qxa8 O-O 18. Rab1 Bc6 19. Rxb2 Bxa8 20. dxc4 Nc6
21. Reb1 h6 22. Rb6 Nb4 23. c3 Nxa2 24. Rb8 Bc6 25. Rxf8+ Kxf8 26. Rb6 Bd7 27.
Rb7 Ke7 28. Ne4 Kd8 29. Nxc5 Bc6 30. Rxf7 Nxc3 31. Rxg7 Ne2+ 32. Kf1 Nf4 33.
Nxa6 Bxg2+ 34. Rxg2 Nxg2 35. Kxg2 Kd7 36. Kf3 Kc6 37. Ke4 Kb6 38. Nb8 Kc5 39.
Kd3 e5 40. Nd7+ Kd6 41. Nf6 Ke6 42. Ne4 h5 43. c5 Kd5 44. h4 Kc6 45. Kc4 Kd7
46. Kd5 Kc7 47. Kxe5 1-0

[Event "8. Lovsprings EMT Basis 4 1996"]
[Site "Ringsted"]
[Date "1996.03.29"]
[Round "4"]
[White "Nikolajsen, Martin"]
[Black "Nielsen, Henning"]
[Result "1-0"]
[WhiteElo "1123"]
[BlackElo "1156"]
[PlyCount "75"]
[EventDate "1996.??.??"]

1. e4 e5 2. Nf3 Nc6 3. Bb5 Nge7 4. d3 a6 5. Ba4 d6 6. Nc3 Bd7 7. Bg5 h6 8. Bh4
b5 9. Bb3 Na5 10. Nd5 Nxb3 11. axb3 c6 12. Ne3 Qc8 13. c4 b4 14. O-O Ng6 15.
Bg3 Be7 16. c5 dxc5 17. Nxe5 Nxe5 18. Bxe5 O-O 19. Nc4 Qd8 20. Qf3 Be6 21. Qg3
Bf6 22. Bxf6 Qxf6 23. Qe5 Qd8 24. Rfd1 Qd4 25. Qxd4 cxd4 26. Na5 c5 27. Kf1
Rfb8 28. Rac1 Rb5 29. Nc4 Bxc4 30. Rxc4 f6 31. Rdc1 Rc8 32. Rxd4 cxd4 33. Rxc8+
Kf7 34. Rd8 Rb6 35. Rxd4 Ke6 36. Rc4 Ke5 37. Rc5+ Kd4 38. Rd5# 1-0

[Event "8. Lovsprings EMT Basis 4 1996"]
[Site "Ringsted"]
[Date "1996.03.29"]
[Round "4"]
[White "Olsson, Dennis"]
[Black "Skytt, Soren"]
[Result "0-1"]
[WhiteElo "1000"]
[BlackElo "1000"]
[PlyCount "76"]
[EventDate "1996.??.??"]

1. e4 e5 2. d4 exd4 3. Qxd4 Nc6 4. Qd5 Nf6 5. Qg5 h6 6. Qf5 g6 7. Qb5 Nd4 8.
Qe5+ Ne6 9. Qc3 Bc5 10. e5 Ne4 11. Qh3 N6g5 12. Bxg5 Nxg5 13. Qg4 d5 14. e6
Bxe6 15. Qa4+ Bd7 16. Qb3 Be6 17. Qxb7 O-O 18. Nc3 d4 19. Na4 Rb8 20. Qc6 Be7
21. O-O-O Bd7 22. Qc4 Rb4 23. Qa6 Bxa4 24. Qxa7 Rc4 25. b3 Ba3+ 26. Kd2 Ne4+
27. Kd3 Nxf2+ 28. Kxc4 Nxh1 29. Rxd4 Qa8 30. Qxc7 Rc8 31. Rd8+ Rxd8 32. bxa4
Rc8 33. Qc5 Rxc5+ 34. Kb3 Bc1 35. g4 Qb8+ 36. Bb5 Qd8 37. Kb4 Qd4+ 38. c4 Bd2+
0-1

[Event "8. Lovsprings EMT Basis 4 1996"]
[Site "Ringsted"]
[Date "1996.03.29"]
[Round "4"]
[White "Orup, Kim Amdi"]
[Black "Niki, Alireza"]
[Result "1-0"]
[WhiteElo "1241"]
[BlackElo "1100"]
[PlyCount "163"]
[EventDate "1996.??.??"]

1. e4 c5 2. Bc4 Nc6 3. Nc3 Nf6 4. d3 e5 5. Nf3 Qa5 6. Ng5 Nd8 7. Bd2 Qb6 8. Rb1
d6 9. Nd5 Nxd5 10. Bxd5 Be7 11. Qh5 g6 12. Qh6 Bf8 13. Qh4 Be7 14. Qg3 h6 15.
Nf3 Be6 16. Bxe6 Nxe6 17. O-O O-O-O 18. c3 h5 19. Bg5 Bxg5 20. Nxg5 Qc7 21.
Nxe6 fxe6 22. Qxg6 Qe7 23. Qg3 Rdg8 24. Qe3 h4 25. Qh3 Qf6 26. g4 hxg3 27. fxg3
Qg6 28. Qg2 Qg4 29. Qf3 Qh3 30. Qg2 Qh6 31. Rf3 Rf8 32. h4 Rxf3 33. Qxf3 Rf8
34. Qe2 Qg7 35. Kh2 Rg8 36. Rg1 Rh8 37. Kh3 Qg5 38. Qg4 Qf6 39. h5 Qf7 40. Kg2
Rxh5 41. Rf1 Qe8 42. Rf6 Kd7 43. Qg7+ Kc6 44. Rf8 Qd7 45. Qxd7+ Kxd7 46. Rf7+
Kc6 47. Rg7 a5 48. g4 Rh4 49. g5 Rg4+ 50. Kf3 Rg1 51. g6 d5 52. Rg8 Kd7 53.
exd5 exd5 54. Rg7+ Ke8 55. Rxb7 Rxg6 56. Rb5 Rf6+ 57. Ke2 e4 58. Rxc5 Rb6 59.
b3 a4 60. dxe4 dxe4 61. Re5+ Kd7 62. b4 Re6 63. Ra5 Rc6 64. Rxa4 Rxc3 65. b5
Kc7 66. Ra6 Kb7 67. a4 e3 68. Re6 Ra3 69. Re4 Kb6 70. Rd4 Ka5 71. Rc4 Rxa4 72.
Rxa4+ Kxb5 73. Re4 Kc6 74. Kxe3 Kd5 75. Kd3 Kd6 76. Kd4 Kd7 77. Kd5 Kd8 78. Kd6
Kc8 79. Re7 Kb8 80. Kc6 Ka8 81. Kb6 Kb8 82. Re8# 1-0

[Event "8. Lovsprings EMT Basis 4 1996"]
[Site "Ringsted"]
[Date "1996.04.12"]
[Round "5"]
[White "Andersen, Poul Erik"]
[Black "Bromann, Per"]
[Result "0-1"]
[WhiteElo "1093"]
[BlackElo "1201"]
[PlyCount "76"]
[EventDate "1996.??.??"]

1. e4 e5 2. Nf3 Nc6 3. Bc4 Bc5 4. d3 h6 5. c3 d6 6. b4 Bb6 7. Qb3 Qe7 8. O-O
Be6 9. Bxe6 Qxe6 10. Qc2 Nf6 11. Qe2 O-O 12. h3 Rad8 13. Nh4 d5 14. Nf5 Kh7 15.
Qd2 Ng8 16. Qe2 d4 17. b5 Nce7 18. Nxe7 Nxe7 19. c4 Bc5 20. f4 exf4 21. Bxf4
Bd6 22. e5 Bc5 23. Qe4+ Qf5 24. Qe2 Ng6 25. Bh2 Qg5 26. Nd2 Qe3+ 27. Qf2 Qxd3
28. Rfe1 Qa3 29. Ne4 Bb4 30. Red1 Qe3 31. a3 Qxf2+ 32. Kxf2 Bc3 33. Nxc3 dxc3
34. Rxd8 Rxd8 35. Rc1 Rd2+ 36. Ke1 Rxg2 37. e6 Rxh2 38. exf7 Rh1+ 0-1

[Event "8. Lovsprings EMT Basis 4 1996"]
[Site "Ringsted"]
[Date "1996.04.12"]
[Round "5"]
[White "Christensen, Michael Bohn"]
[Black "Jorgensen, Per"]
[Result "1-0"]
[WhiteElo "1137"]
[BlackElo "1019"]
[PlyCount "55"]
[EventDate "1996.??.??"]

1. d4 d5 2. c4 e6 3. Nc3 Nf6 4. Nf3 b6 5. Bf4 Bd6 6. Be5 h6 7. Bxf6 Qxf6 8.
cxd5 O-O 9. e4 Nd7 10. e5 Bxe5 11. dxe5 Nxe5 12. Be2 Bb7 13. O-O Rad8 14. Qa4
a5 15. Rad1 exd5 16. Rfe1 Bc6 17. Bb5 Rd6 18. Nxe5 Bb7 19. Nd7 Rxd7 20. Bxd7 d4
21. Rxd4 Qg5 22. g3 c5 23. Rdd1 g6 24. Re8 Rxe8 25. Bxe8 Qf5 26. Bc6 Bxc6 27.
Qxc6 Qc2 28. Qxb6 1-0

[Event "8. Lovsprings EMT Basis 4 1996"]
[Site "Ringsted"]
[Date "1996.04.12"]
[Round "5"]
[White "Nielsen, Henning"]
[Black "Andersen, Jorgen"]
[Result "1-0"]
[WhiteElo "1156"]
[BlackElo "1214"]
[PlyCount "107"]
[EventDate "1996.??.??"]

1. e4 e5 2. Bc4 c5 3. Nc3 a6 4. d3 b5 5. Bxf7+ Kxf7 6. Qh5+ g6 7. Qxe5 Qf6 8.
Qd5+ Kg7 9. Qxa8 Qd6 10. Qd5 Nf6 11. Qxd6 Bxd6 12. Nf3 Bc7 13. O-O Nc6 14. Bg5
Bd8 15. Rad1 d6 16. a3 Bg4 17. Rb1 Bxf3 18. gxf3 Nd4 19. Kg2 Rf8 20. Rbc1 Ne6
21. Ne2 Nxg5 22. f4 Ne6 23. Rg1 Nh5 24. f5 Nef4+ 25. Nxf4 Nxf4+ 26. Kf3 Ne6 27.
c3 Ng5+ 28. Ke2 gxf5 29. h4 h6 30. hxg5 Bxg5 31. f4 Kg6 32. fxg5 hxg5 33. Rcf1
f4 34. Kf3 Re8 35. Re1 Re5 36. Re2 d5 37. Reg2 d4 38. cxd4 cxd4 39. Rc2 Re6 40.
Rc5 Rf6 41. Rgxg5+ Kf7 42. Rgf5 Kg6 43. Rxf6+ Kxf6 44. Kxf4 Ke6 45. e5 Ke7 46.
Kf5 a5 47. Rc7+ Kd8 48. Ra7 a4 49. Kf6 Ke8 50. Ra8+ Kd7 51. e6+ Kd6 52. e7 Kc5
53. Rc8+ Kb6 54. e8=Q 1-0

[Event "8. Lovsprings EMT Basis 4 1996"]
[Site "Ringsted"]
[Date "1996.04.12"]
[Round "5"]
[White "Niki, Alireza"]
[Black "Danielsen, Laurits"]
[Result "1/2-1/2"]
[WhiteElo "1100"]
[BlackElo "1191"]
[PlyCount "98"]
[EventDate "1996.??.??"]

1. e4 e5 2. Nf3 Nc6 3. d3 Nf6 4. Bg5 Bc5 5. Nc3 h6 6. Bxf6 Qxf6 7. Nd5 Qd6 8.
Nh4 Ne7 9. Nxe7 Qxe7 10. Nf5 Qf6 11. Qe2 c6 12. O-O-O d5 13. g4 d4 14. h4 Bxf5
15. exf5 O-O-O 16. Bg2 Kb8 17. Qe4 g5 18. fxg6 fxg6 19. Bf3 Rdf8 20. Rh3 Bd6
21. Kb1 Qg7 22. Rc1 Rf4 23. Qe2 Rhf8 24. c4 c5 25. Qd1 Qc7 26. g5 hxg5 27. hxg5
Be7 28. Be4 Qb6 29. Rh7 Rxf2 30. Qb3 Qxb3 31. axb3 R2f7 32. Bxg6 Rxh7 33. Bxh7
Bxg5 34. Rg1 Bd8 35. Rg7 a5 36. Be4 Bc7 37. Ka2 Rf6 38. Rg8+ Ka7 39. Rc8 Kb6
40. Ra8 Rf1 41. Bg2 Rd1 42. Be4 Rg1 43. Bd5 Bd6 44. Rd8 Bc7 45. Re8 Rd1 46. Be4
Rf1 47. Re6+ Ka7 48. Re7 Kb6 49. Re6+ Ka7 1/2-1/2